000
00315nam a2200109Ia 4500
008
200302s9999 xx 000 0 und d
100
_a
Colin Amery
245
_a
Architecture, Industry and Innovation the Early work of Nicholas Grimshaw & Partners
260
_b
Phaidon Press Ltd.
260
_c
1995
300
_a
256 P.,
999
_c
3823
_d
3823